01143nam a2200169 a 4500008004100000050002200041110005500063245016900118260007400287300001900361350000900380995014300389995015900532999001700691952013100708952013400839100913s2007 ||||||||||||||||| || u aCOMESA(02)2007/1B aCommon Market of East and Southern Africa (COMESA)10aAdding value to African Leather Project(AVAL): through improvement of quality of leather and leather products (Ethiopia, Kenya, Sudan and Zimbabwe): Terminal Report aAddis AbababCommon Market of East and Southern Africa (COMESA)c2007 aiv, 78p.: ill. a0.00 aSPECIAL COLLECTIONSe2778FCBU-MAIN LIBRARY (Kitwe)I0.00jCOMESA(02)2007/1BM2UAVAILABLEWNov 8, 2016yB2778ZInternational Publications aSPECIAL COLLECTIONSD0.00e03007336FCBU-MAIN LIBRARY (Kitwe)H1I0.00jCOMESA(02)2007/1AM1UAVAILABLEWNov 2, 2010y03007336ZInternational Publications c83654d83654 00102lcc4070a001b001cInternational Publicationsd2024-01-08l0oCOMESA(02)2007/1BpB2778r2024-01-08t1w2024-01-08y023 00102lcc4070a001b001cInternational Publicationsd2024-01-08l0oCOMESA(02)2007/1Ap03007336r2024-01-08t2w2024-01-08y023